Coleccion Talleres (Registro nro. 98139)

Detalles MARC
000 -LEADER
fixed length control field 01915nam a22004697a 4500
005 - DATE AND TIME OF LATEST TRANSACTION
control field 20230801101411.0
008 - FIXED-LENGTH DATA ELEMENTS--GENERAL INFORMATION
fixed length control field 150810b mx ||||| |||| 00| 0 spa d
020 ## - INTERNATIONAL STANDARD BOOK NUMBER
International Standard Book Number 970321259x (obra completa)
020 ## - INTERNATIONAL STANDARD BOOK NUMBER
International Standard Book Number 9703212484 (V.2)
020 ## - INTERNATIONAL STANDARD BOOK NUMBER
International Standard Book Number 9703212557 (V.4)
020 ## - INTERNATIONAL STANDARD BOOK NUMBER
International Standard Book Number 9703212468 (V.6)
020 ## - INTERNATIONAL STANDARD BOOK NUMBER
International Standard Book Number 9703212476 (V.8)
020 ## - INTERNATIONAL STANDARD BOOK NUMBER
International Standard Book Number 970321245X(V.10)
020 ## - INTERNATIONAL STANDARD BOOK NUMBER
International Standard Book Number 9703212549 (V.12)
020 ## - INTERNATIONAL STANDARD BOOK NUMBER
International Standard Book Number 9703212530 (V.14)
020 ## - INTERNATIONAL STANDARD BOOK NUMBER
International Standard Book Number 9703212506 (V.16)
020 ## - INTERNATIONAL STANDARD BOOK NUMBER
International Standard Book Number 9703212476 (V.18)
020 ## - INTERNATIONAL STANDARD BOOK NUMBER
International Standard Book Number 9703228119 (V.20)
020 ## - INTERNATIONAL STANDARD BOOK NUMBER
International Standard Book Number 9703212514 (V.22)
050 04 - LIBRARY OF CONGRESS CALL NUMBER
Classification number NA758
Item number C65 2004
245 00 - TITLE STATEMENT
Title Coleccion Talleres
Statement of responsibility, etc / editores Rosario Narezo y Tania Rodríguez.
250 ## - EDITION STATEMENT
Edition statement 1a ed.
260 ## - PUBLICATION, DISTRIBUTION, ETC. (IMPRINT)
Place of publication, distribution, etc México :
Name of publisher, distributor, etc Universidad Nacional Autónoma de México, Facultad de Arquitectura,
Date of publication, distribution, etc 2004.
300 ## - PHYSICAL DESCRIPTION
Extent v. :
Other physical details il. ;
Dimensions 25 cm.
504 ## - BIBLIOGRAPHY, ETC. NOTE
Bibliography, etc Incluye bibliografias e índice
505 0# - FORMATTED CONTENTS NOTE
Title V.2 Augusto H. Álvarez : Vida y obra
Statement of responsibility / Lourdes Cruz González Franco.
505 0# - FORMATTED CONTENTS NOTE
Title V.4 Max Cetto : Vida y obra
Statement of responsibility / Humberto Ricalde G.
505 0# - FORMATTED CONTENTS NOTE
Title V.6 Jorge González Reyna : Vida y obra
Statement of responsibility / Jorge Vera Ferrer
505 0# - FORMATTED CONTENTS NOTE
Title V.8 Carlos Lazo : Vida y obra
Statement of responsibility / Yolanda Bravo Saldaña
505 0# - FORMATTED CONTENTS NOTE
Title V.10 Carlos Leduc : Vida y obra
Statement of responsibility / Xavier Guzmán Urbiola
505 0# - FORMATTED CONTENTS NOTE
Title V.12 Ramón Marcos : Vida y obra
Statement of responsibility / Carlos Mijares Bracho
505 0# - FORMATTED CONTENTS NOTE
Title V.14 Federico E. Mariscal : Vida y obra
Statement of responsibility / Ramón Vargas Salguero
505 0# - FORMATTED CONTENTS NOTE
Title V.16 Hannes Meyer : Vida y obra
Statement of responsibility / Patricia Rivadeneyra Barbero
505 0# - FORMATTED CONTENTS NOTE
Title V.18 Enrique del Moral : Vida y obra
Statement of responsibility / Louise Noelle
505 0# - FORMATTED CONTENTS NOTE
Title V.20 Ángel Borja Navarrete
Statement of responsibility / Manuel Larrosa
505 0# - FORMATTED CONTENTS NOTE
Title V.22 Mario Pani : Vida y obra
Statement of responsibility / Graciela de Garay
650 #7 - SUBJECT ADDED ENTRY--TOPICAL TERM
Source of heading or term lemb
Topical term or geographic name as entry element Arquitectos
Form subdivision Biografías
Geographic subdivision México
700 1# - ADDED ENTRY--PERSONAL NAME
Personal name González Franco, Lourdes Cruz,
Relator term autor
700 1# - ADDED ENTRY--PERSONAL NAME
Personal name Ricalde G., Humberto,
Relator term autor
700 1# - ADDED ENTRY--PERSONAL NAME
Personal name Vera Ferrer, Jorge,
Relator term autor
942 ## - ADDED ENTRY ELEMENTS (KOHA)
Source of classification or shelving scheme Biblioteca del Cogreso de los Estados Unidos
Koha item type Libro
Existencias
Estado de pérdida Fuente de clasificación Estado del daño No para préstamo Ubicación permanente Ubicación actual Apartado o colección Fecha de adquisición Fuente de adquisición Edición Área del conocimiento Clasificación Código de Barras Date last seen Número de copia Tipo de recurso Enumeración de Serie / Cronológica Total Checkouts Costo por reposición
  Biblioteca del Cogreso de los Estados Unidos     Biblioteca de la Facultad de Arquitectura Biblioteca de la Facultad de Agrobiología General 01/08/2023   1a ed. Educación y Humanidades NA758 C65 2004 BFA000006013 01/08/2023 2 Libro V.2   1.00
  Biblioteca del Cogreso de los Estados Unidos     Biblioteca de la Facultad de Arquitectura Biblioteca de la Facultad de Arquitectura General 10/08/2015 Unidad Académica 1a. ed. Educación y Humanidades NA758 C65 2004 BFA000000914 10/08/2015 C:1 V.2 Libro      
  Biblioteca del Cogreso de los Estados Unidos     Biblioteca de la Facultad de Arquitectura Biblioteca de la Facultad de Arquitectura General 10/08/2015 Unidad Académica 1a ed. Educación y Humanidades NA758 C65 2004 BFA000000915 10/08/2015 C:1 V.4 Libro      
  Biblioteca del Cogreso de los Estados Unidos     Biblioteca de la Facultad de Arquitectura Biblioteca de la Facultad de Arquitectura General 10/08/2015 Unidad Académica 1a. ed. Educación y Humanidades NA758 C65 2004 BFA000000916 10/08/2015 C:1 V.6 Libro      
  Biblioteca del Cogreso de los Estados Unidos     Biblioteca de la Facultad de Arquitectura Biblioteca de la Facultad de Arquitectura General 10/08/2015 Unidad Académica 1a. ed. Educación y Humanidades NA758 C65 2004 BFA000000917 10/08/2015 C:1 V.8 Libro      
  Biblioteca del Cogreso de los Estados Unidos     Biblioteca de la Facultad de Arquitectura Biblioteca de la Facultad de Arquitectura General 10/08/2015 Unidad Académica 1a. ed. Educación y Humanidades NA758 C65 2004 BFA000000918 10/08/2015 C:1 V.10 Libro      
  Biblioteca del Cogreso de los Estados Unidos     Biblioteca de la Facultad de Arquitectura Biblioteca de la Facultad de Arquitectura General 10/08/2015 Unidad Académica 1a. ed. Educación y Humanidades NA758 C65 2004 BFA000000919 10/08/2015 C:1 V.12 Libro      
  Biblioteca del Cogreso de los Estados Unidos     Biblioteca de la Facultad de Arquitectura Biblioteca de la Facultad de Arquitectura General 10/08/2015 Unidad Académica 1a. ed. Educación y Humanidades NA758 C65 2004 BFA000000920 10/08/2015 C:1 V.14 Libro      
  Biblioteca del Cogreso de los Estados Unidos     Biblioteca de la Facultad de Arquitectura Biblioteca de la Facultad de Arquitectura General 10/08/2015 Unidad Académica 1a. ed. Educación y Humanidades NA758 C65 2004 BFA000000921 10/08/2015 C:1 V.16 Libro      
  Biblioteca del Cogreso de los Estados Unidos     Biblioteca de la Facultad de Arquitectura Biblioteca de la Facultad de Arquitectura General 10/08/2015 Unidad Académica 1a. ed. Educación y Humanidades NA758 C65 2004 BFA000000922 10/08/2015 C:1 V.18 Libro      
  Biblioteca del Cogreso de los Estados Unidos     Biblioteca de la Facultad de Arquitectura Biblioteca de la Facultad de Arquitectura General 10/08/2015 Unidad Académica 1a. ed. Educación y Humanidades NA758 C65 2004 BFA000000923 10/08/2015 C:1 V.20 Libro      
  Biblioteca del Cogreso de los Estados Unidos     Biblioteca de la Facultad de Arquitectura Biblioteca de la Facultad de Arquitectura General 10/08/2015 Unidad Académica 1a. ed. Educación y Humanidades NA758 C65 2004 BFA000000924 10/08/2015 C:1 V.22 Libro